<?xml version="1.0" encoding="UTF-8"?>
<record
    xmlns:xsi="http://www.w3.org/2001/XMLSchema-instance"
    xsi:schemaLocation="http://www.loc.gov/MARC21/slim http://www.loc.gov/standards/marcxml/schema/MARC21slim.xsd"
    xmlns="http://www.loc.gov/MARC21/slim">

  <leader>00836nam a22002417a 4500</leader>
  <datafield tag="952" ind1=" " ind2=" ">
    <subfield code="a">0001</subfield>
    <subfield code="b">0001</subfield>
    <subfield code="d">2021-04-07</subfield>
    <subfield code="l">0</subfield>
    <subfield code="o">909 M13t 2021</subfield>
    <subfield code="p">020466</subfield>
    <subfield code="r">2021-04-07 00:00:00</subfield>
    <subfield code="w">2021-04-07</subfield>
    <subfield code="y">BKS</subfield>
  </datafield>
  <datafield tag="952" ind1=" " ind2=" ">
    <subfield code="a">0002</subfield>
    <subfield code="b">0002</subfield>
    <subfield code="d">2024-02-27</subfield>
    <subfield code="l">0</subfield>
    <subfield code="o">909 M13t 2021</subfield>
    <subfield code="p">21194</subfield>
    <subfield code="r">2024-02-27 00:00:00</subfield>
    <subfield code="w">2024-02-27</subfield>
    <subfield code="y">BKS</subfield>
  </datafield>
  <datafield tag="999" ind1=" " ind2=" ">
    <subfield code="c">14371</subfield>
    <subfield code="d">14371</subfield>
  </datafield>
  <controlfield tag="003">MIRAKIL</controlfield>
  <controlfield tag="005">20220621165632.0</controlfield>
  <controlfield tag="008">220621b        tu ||||| |||| 00| 0 tur d</controlfield>
  <datafield tag="020" ind1=" " ind2=" ">
    <subfield code="a">9786254052330</subfield>
  </datafield>
  <datafield tag="040" ind1=" " ind2=" ">
    <subfield code="a">TR-AnCHP</subfield>
    <subfield code="c">TR-AnCHP</subfield>
  </datafield>
  <datafield tag="041" ind1=" " ind2=" ">
    <subfield code="a">Tur</subfield>
  </datafield>
  <datafield tag="082" ind1=" " ind2=" ">
    <subfield code="a">909</subfield>
    <subfield code="b">M13t 2021</subfield>
  </datafield>
  <datafield tag="100" ind1=" " ind2=" ">
    <subfield code="a">McGregor, James H.S.</subfield>
  </datafield>
  <datafield tag="245" ind1="1" ind2="0">
    <subfield code="a">Tarih&#xF6;ncesinden bug&#xFC;ne Akdeniz d&#xFC;nyas&#x131; ve do&#x11F;a:</subfield>
    <subfield code="b">Kriz &#xE7;a&#x11F;&#x131;na nas&#x131;l geldik?/</subfield>
    <subfield code="c">James H.S. McGregor ; &#xE7;eviren Bar&#x131;&#x15F; G&#xF6;n&#xFC;l&#x15F;en.</subfield>
  </datafield>
  <datafield tag="246" ind1=" " ind2=" ">
    <subfield code="a">Kriz &#xE7;a&#x11F;&#x131;na nas&#x131;l geldik?</subfield>
  </datafield>
  <datafield tag="260" ind1=" " ind2=" ">
    <subfield code="a">&#x130;stanbul:</subfield>
    <subfield code="b">T&#xFC;rkiye &#x130;&#x15F; Bankas&#x131;,</subfield>
    <subfield code="c">2021.</subfield>
  </datafield>
  <datafield tag="300" ind1=" " ind2=" ">
    <subfield code="a">397 s.:</subfield>
    <subfield code="b">hrt.;</subfield>
    <subfield code="c">23 sm.</subfield>
  </datafield>
  <datafield tag="490" ind1="0" ind2=" ">
    <subfield code="a">T&#xFC;rkiye &#x130;&#x15F; Bankas&#x131; Genel Yay&#x131;n ; </subfield>
    <subfield code="v">5039</subfield>
  </datafield>
  <datafield tag="504" ind1=" " ind2=" ">
    <subfield code="a">Kaynak&#xE7;a ve dizin vard&#x131;r.</subfield>
  </datafield>
  <datafield tag="650" ind1=" " ind2="0">
    <subfield code="9">5671</subfield>
    <subfield code="a">Uygarl&#x131;k</subfield>
    <subfield code="x">Tarih</subfield>
    <subfield code="z">Akdeniz</subfield>
  </datafield>
  <datafield tag="700" ind1=" " ind2=" ">
    <subfield code="9">6686</subfield>
    <subfield code="a">G&#xF6;n&#xFC;l&#x15F;en, Bar&#x131;&#x15F;</subfield>
    <subfield code="e">&#xE7;ev.</subfield>
  </datafield>
  <datafield tag="942" ind1=" " ind2=" ">
    <subfield code="2">ddc</subfield>
    <subfield code="c">BKS</subfield>
  </datafield>
</record>
